Mastering futures trading : (Record no. 345669)

000 -LEADER
fixed length control field 01277 a2200205 4500
020 ## - INTERNATIONAL STANDARD BOOK NUMBER
International Standard Book Number 0071420347
020 ## - INTERNATIONAL STANDARD BOOK NUMBER
International Standard Book Number 9780071420341
082 04 - DEWEY DECIMAL CLASSIFICATION NUMBER
Classification number 332.6452
090 ## - LOCALLY ASSIGNED LC-TYPE CALL NUMBER (OCLC); LOCAL CALL NUMBER (RLIN)
-- 3181
-- 3181
100 1# - MAIN ENTRY--PERSONAL NAME
Personal name Yoder, Bo.
245 10 - TITLE STATEMENT
Title Mastering futures trading :
Remainder of title an advanced course for sophisticated strategies that work /
Statement of responsibility, etc. Bo Yoder.
250 ## - EDITION STATEMENT
Edition statement 1st ed.
260 ## - PUBLICATION, DISTRIBUTION, ETC.
Place of publication, distribution, etc. [S.l.] :
Name of publisher, distributor, etc. McGraw-Hill,
Date of publication, distribution, etc. 2004.
300 ## - PHYSICAL DESCRIPTION
Extent 288 p. ;
Dimensions 24 cm.
500 ## - GENERAL NOTE
General note Hardcover.
520 ## - SUMMARY, ETC.
Summary, etc. Skilled stock traders and investors are increasingly turning to futures trading to augment their overall performance. Mastering Futures Trading introduces these traders to proven and popular Strategies, concepts, and methods for becoming experts in this high-potential, highly leveraged game. Unique in its unflinching look at the realities of futures trading—both the highs and the lows—this clear and accessible book covers how to trade hot new single-stock futures, proven futures trading strategies, blow-by-blow examples of futures trading in action, and mo
856 ## - ELECTRONIC LOCATION AND ACCESS
Materials specified Amazon.com
Uniform Resource Identifier <a href="http://www.amazon.com/exec/obidos/ASIN/0071420347/chopaconline">http://www.amazon.com/exec/obidos/ASIN/0071420347/chopaconline</a>
856 ## - ELECTRONIC LOCATION AND ACCESS
Materials specified Amazon customer reviews
Uniform Resource Identifier <a href="http://www.chopac.org/cgi-bin/tools/azrev.pl?q=0071420">http://www.chopac.org/cgi-bin/tools/azrev.pl?q=0071420</a>
942 ## - ADDED ENTRY ELEMENTS (KOHA)
Institution code [OBSOLETE] NBS
Koha item type Book
Call number prefix 332.6452 YOD
Holdings
Withdrawn status Lost status Damaged status Not for loan Permanent Location Current Location Date acquired Total Checkouts Total Renewals Full call number Barcode Date last seen Date last checked out Price effective from Koha item type
        Central Library (CL) Central Library (CL) 08/28/2013 2 3 332.6452 YOD NBS6650 11/24/2022 10/20/2022 08/28/2013 Book
© 2023 Central Library, National University of Sciences and Technology. All Rights Reserved.